Plan para el mejoramiento de la rentabilidad en una empresa agroindustrial
Guardado en:
| Hovedforfatter: | |
|---|---|
| Andre forfattere: | , |
| Format: | Bog |
| Udgivet: |
San José, Costa Rica
2000
|
| Fag: | |
| Tags: |
Tilføj Tag
Ingen Tags, Vær først til at tagge denne postø!
|
MARC
| LEADER | 00000nam a2200000Ia 4500 | ||
|---|---|---|---|
| 003 | 008580 | ||
| 005 | 20240202094922.0 | ||
| 008 | 140114s2000 cr a m 000 ||s d | ||
| 040 | |c cru CEDI | ||
| 090 | |a TFG 4199 | ||
| 100 | |a Rosales Granados, Pablo, 1975- |9 2281 | ||
| 245 | |a Plan para el mejoramiento de la rentabilidad en una empresa agroindustrial | ||
| 260 | |a San José, Costa Rica |c 2000 | ||
| 300 | |a xiv, 158, [192] hojas : ilustraciones | ||
| 500 | |a Proyecto de graduación(licenciatura en Ingeniería Industrial)--Universidad de Costa Rica. Facultad de Ingeniería. Escuela de Ingeniería Industrial | ||
| 501 | |a Director de Proyecto de Graduación: Ing. José Roig Oller | ||
| 650 | |x PLANIFICACION ESTRATEGICA |x COMPETITIVIDAD |x CAMBIO ORGANIZACIONAL |x INDUSTRIAS AGROPECUARIAS |x PRODUCCION (TEORIA ECONOMICA) |x CONTROL |9 8054 | ||
| 700 | |a Ruiz Arauz, Luis Alberto, 1975- |9 2283 | ||
| 700 | |a Roig Oller, José Enrique, 1951- |d Director del TFG |9 2138 | ||
| 942 | |c TFG |h TFG 4199 |i 008580 |6 TFG_4199_008580000000000 | ||
| 999 | |c 18231 |d 18231 | ||
